[Event "Frankfurt Ch 2014"]
[Site "Ffm-Höchst, BiKuZ"]
[Date "2014.04.28"]
[Round "1.1"]
[White "Khenkin, Igor"]
[Black "Fröhlich-Dill, Astrid"]
[Result "1-0"]
[WhiteElo "2550"]
[BlackElo "1789"]
[PlyCount "27"]
[EventDate "2014.??.??"]
[WhiteTeam "Wiesbadener SV 1885"]
[BlackTeam "SV 1920 Hofheim"]

1. d4 Nf6 2. c4 e6 3. Nc3 b6 4. e4 Bb4 5. e5 Ne4 6. Qg4 d5 7. Qxg7 Rf8 8. a3
Bxc3+ 9. bxc3 f6 10. Be2 Qe7 11. Bh5+ Kd8 12. Bh6 Qxg7 13. Bxg7 Rg8 14. exf6
1-0

[Event "Frankfurt Ch 2014"]
[Site "Ffm-Höchst, BiKuZ"]
[Date "2014.04.28"]
[Round "1.2"]
[White "Stock, Jürgen"]
[Black "Poetsch, Hagen"]
[Result "0-1"]
[WhiteElo "1780"]
[BlackElo "2463"]
[PlyCount "66"]
[EventDate "2014.??.??"]
[WhiteTeam "SC Eschborn 1974"]
[BlackTeam "SF Schöneck"]

1. d4 d5 2. e3 c5 3. c3 Nc6 4. f4 Bf5 5. Nd2 e6 6. Ngf3 Bd6 7. Be2 cxd4 8. Nxd4
Nge7 9. O-O O-O 10. g4 Bg6 11. N2f3 Qd7 12. Nh4 Be4 13. Bf3 Bxf3 14. Rxf3 e5
15. Ndf5 Bc5 16. b4 Bb6 17. b5 Na5 18. Ba3 Nxf5 19. Nxf5 Rfe8 20. fxe5 Rxe5 21.
Bd6 Rxf5 22. Rxf5 Qxd6 23. Rxd5 Qe6 24. Qf3 Nc4 25. Re1 Nxe3 26. Rd4 Bxd4 27.
cxd4 Re8 28. d5 Qb6 29. Kh1 Qd4 30. d6 Qd2 31. Qg3 h6 32. h4 Re4 33. d7 Qxd7
0-1

[Event "Frankfurt Ch 2014"]
[Site "Ffm-Höchst, BiKuZ"]
[Date "2014.04.28"]
[Round "1.3"]
[White "Reschke, Stefan"]
[Black "Hochmuth, Christian"]
[Result "1/2-1/2"]
[WhiteElo "2319"]
[BlackElo "1770"]
[PlyCount "75"]
[EventDate "2014.??.??"]
[WhiteTeam "VSG 1880 Offenbach"]
[BlackTeam "SG Wächtersbach/Sotzbach"]

1. Nf3 Nf6 2. g3 d5 3. Bg2 c6 4. b3 Bf5 5. Bb2 Qc8 6. h3 h6 7. c4 e6 8. Nc3
Nbd7 9. cxd5 exd5 10. Rc1 Qb8 11. d3 Bd6 12. e4 dxe4 13. Nd4 Bh7 14. dxe4 O-O
15. O-O Re8 16. Re1 Bb4 17. Nc2 Bc5 18. Na4 Bd6 19. Qd3 Ne5 20. Qf1 Ned7 21.
Qd3 Ne5 22. Qd2 Rd8 23. Rcd1 Bc7 24. Qe2 Rxd1 25. Rxd1 Qe8 26. f4 Ned7 27. e5
Nb6 28. Nc5 Nfd5 29. Nxb7 Bxc2 30. Qxc2 Ne3 31. Qc1 Nxd1 32. Qxd1 Nd5 33. Bxd5
cxd5 34. Qxd5 Bb6+ 35. Kg2 Rc8 36. Nd6 Rc2+ 37. Kf3 Rf2+ 38. Ke4 1/2-1/2

[Event "Frankfurt Ch 2014"]
[Site "Ffm-Höchst, BiKuZ"]
[Date "2014.04.28"]
[Round "1.4"]
[White "Worzelberger, Armin"]
[Black "Heinatz, Thomas"]
[Result "0-1"]
[WhiteElo "1766"]
[BlackElo "2309"]
[PlyCount "92"]
[EventDate "2014.??.??"]
[WhiteTeam "SC Grunbach"]
[BlackTeam "SF Schöneck"]

1. d4 Nf6 2. c4 c5 3. e3 e6 4. Nc3 b6 5. d5 d6 6. Nge2 e5 7. Ng3 g6 8. h4 h5 9.
Bd3 Bg7 10. Qc2 Qe7 11. Nb5 a6 12. Nc3 Ra7 13. f3 O-O 14. O-O Ne8 15. Kf2 f5
16. e4 f4 17. Nh1 Qxh4+ 18. Kg1 Qf6 19. Bd2 g5 20. Be1 Qg6 21. Kf2 g4 22. Ke2
g3 23. Kd2 h4 24. Rd1 Nc7 25. Kc1 Nd7 26. Kb1 Nf6 27. Ne2 Nh5 28. a3 b5 29. Ba5
Bd7 30. b4 bxc4 31. Bxc4 cxb4 32. axb4 Rc8 33. Rc1 Qe8 34. Nc3 Nb5 35. Bxb5
Bxb5 36. Nxb5 Rxc2 37. Nxa7 Rxc1+ 38. Rxc1 Qa4 39. Kb2 Nf6 40. Ra1 Qd7 41. Nc6
Nxd5 42. Bd8 h3 43. Rxa6 hxg2 44. exd5 e4+ 45. Kb3 gxh1=Q 46. Ra8 Qb1+ 0-1

[Event "Frankfurt Ch 2014"]
[Site "Ffm-Höchst, BiKuZ"]
[Date "2014.04.28"]
[Round "1.5"]
[White "Legde, Georg"]
[Black "Larem, Peter"]
[Result "1-0"]
[WhiteElo "2292"]
[BlackElo "1763"]
[PlyCount "43"]
[EventDate "2014.??.??"]
[WhiteTeam "SK 1858 Gießen"]
[BlackTeam "Schachspielgemeinschaft Rödermar"]

1. c4 e5 2. Nc3 Nf6 3. Nf3 Nc6 4. e3 Bb4 5. Qc2 O-O 6. Nd5 Bd6 7. Ng5 g6 8.
Nxf6+ Qxf6 9. Ne4 Qe6 10. Nxd6 Qxd6 11. a3 Qe7 12. b4 d6 13. Bb2 Be6 14. Be2
Qh4 15. O-O f5 16. f4 d5 17. b5 Ne7 18. Bxe5 Rac8 19. Bb2 Rf7 20. Rf3 Qh5 21.
Re1 g5 22. Rh3 1-0

[Event "Frankfurt Ch 2014"]
[Site "Ffm-Höchst, BiKuZ"]
[Date "2014.04.28"]
[Round "1.6"]
[White "Makilla, Tobias"]
[Black "Isserman, Ryhor"]
[Result "1-0"]
[WhiteElo "1762"]
[BlackElo "2270"]
[PlyCount "89"]
[EventDate "2014.??.??"]
[WhiteTeam "SC 1979 Hattersheim"]
[BlackTeam "SK Bad Homburg 1927"]

1. e4 c5 2. Nf3 Nc6 3. d4 cxd4 4. Nxd4 Nf6 5. Nc3 d6 6. Bg5 Qa5 7. Bxf6 gxf6 8.
Qd2 Nxd4 9. Qxd4 Bd7 10. Bc4 Rc8 11. O-O-O Qc5 12. Bb3 Qxd4 13. Rxd4 h5 14.
Rhd1 Bh6+ 15. Kb1 Bf4 16. R4d3 Rg8 17. g3 Bh6 18. Nd5 Bc6 19. f4 Bg7 20. f5 Bh6
21. Re1 Kd8 22. Rf3 Rg7 23. c3 Kd7 24. Rd3 Bb5 25. Rd4 h4 26. Red1 hxg3 27.
hxg3 Rxg3 28. Nxf6+ exf6 29. Bxf7 Bf4 30. Be6+ Kc7 31. a4 Bc6 32. Bxc8 Kxc8 33.
Rc4 Re3 34. b4 Rxe4 35. Rdd4 Rxd4 36. cxd4 Kd8 37. d5 Bxa4 38. Rxf4 Bb3 39. Rd4
b5 40. Kb2 Bc4 41. Kc3 Kc7 42. Rd2 Kb6 43. Kd4 a5 44. bxa5+ Kxa5 45. Rh2 1-0

[Event "Frankfurt Ch 2014"]
[Site "Ffm-Höchst, BiKuZ"]
[Date "2014.04.28"]
[Round "1.7"]
[White "Minor, Samuel"]
[Black "Hinz, André"]
[Result "1-0"]
[WhiteElo "2186"]
[BlackElo "1760"]
[PlyCount "67"]
[EventDate "2014.??.??"]
[WhiteTeam "Wiesbadener SV 1885"]
[BlackTeam "VfB 07 Lettin"]

1. e4 c5 2. Nf3 Nc6 3. Nc3 g6 4. d4 cxd4 5. Nxd4 Bg7 6. Be3 Nf6 7. Bc4 O-O 8.
Bb3 Qa5 9. f3 d6 10. Qd2 Nxd4 11. Bxd4 Be6 12. O-O Rac8 13. Rfd1 a6 14. Nd5 Qd8
15. Nxf6+ exf6 16. Bc3 Bxb3 17. axb3 Qb6+ 18. Kh1 Rc6 19. Qf4 Rfc8 20. Rd3 Qf2
21. Rd2 Qc5 22. Rad1 b5 23. b4 Qc4 24. Rxd6 Rxd6 25. Qxd6 Rc6 26. Qd8+ Bf8 27.
h3 Qe2 28. Rd2 Qe1+ 29. Kh2 Qe3 30. Qd3 Qe1 31. Qd7 Re6 32. Qc8 Kg7 33. Rd8
Bd6+ 34. Rxd6 1-0

[Event "Frankfurt Ch 2014"]
[Site "Ffm-Höchst, BiKuZ"]
[Date "2014.04.28"]
[Round "1.8"]
[White "Schellen, Sven"]
[Black "Stockmann, Michael"]
[Result "0-1"]
[WhiteElo "1749"]
[BlackElo "2181"]
[PlyCount "64"]
[EventDate "2014.??.??"]
[WhiteTeam "SF Frankfurt 1921"]
[BlackTeam "SF Schöneck"]

1. d4 d5 2. c4 e6 3. Nc3 dxc4 4. Qa4+ Nd7 5. Nf3 Ngf6 6. Qxc4 a6 7. g3 b5 8.
Qb3 Bb7 9. Bg2 c5 10. O-O Rc8 11. Bg5 c4 12. Qd1 b4 13. Na4 Qa5 14. Bxf6 gxf6
15. Nd2 Bxg2 16. Kxg2 c3 17. Rc1 Bh6 18. e3 O-O 19. bxc3 bxc3 20. Nb1 Rc4 21.
Naxc3 Rfc8 22. Qd2 Bf8 23. Ne2 Qxd2 24. Nxd2 Rc2 25. Nb3 Ba3 26. Rxc2 Rxc2 27.
Nbc1 Nb6 28. e4 Nc4 29. Rd1 Nd2 30. e5 fxe5 31. dxe5 Nc4 32. f4 Ne3+ 0-1

[Event "Frankfurt Ch 2014"]
[Site "Ffm-Höchst, BiKuZ"]
[Date "2014.04.28"]
[Round "1.9"]
[White "Zimmermann, Hendrik"]
[Black "Djakow, Alexander"]
[Result "1-0"]
[WhiteElo "2173"]
[BlackElo "1747"]
[PlyCount "105"]
[EventDate "2014.??.??"]
[WhiteTeam "SC 1961 König Nied"]
[BlackTeam "vereinslos"]

1. c4 e6 2. g3 d5 3. Bg2 Nf6 4. Nf3 Be7 5. O-O O-O 6. b3 Nbd7 7. Bb2 Nb6 8. d3
c5 9. Qc2 Bd7 10. e4 Bc6 11. Ne5 Rc8 12. Nc3 Be8 13. Rad1 d4 14. Ne2 Bd6 15.
Nf3 e5 16. Bc1 Nfd7 17. Nh4 Nb8 18. Nf5 Nc6 19. f4 f6 20. Qd2 Bg6 21. Bh3 Rc7
22. Rf2 Nc8 23. Rdf1 N8e7 24. Nh4 Bf7 25. Nf3 Ng6 26. Kh1 Qb8 27. fxe5 Ngxe5
28. Nf4 Re7 29. Nd5 Bxd5 30. cxd5 Nxf3 31. Rxf3 Ne5 32. R3f2 b5 33. Qc2 Rc7 34.
Be6+ Kh8 35. Bf4 c4 36. Bxe5 cxd3 37. Qxd3 Bxe5 38. Qd1 Rc3 39. Qh5 g6 40. Qh6
Qd8 41. g4 Qe7 42. g5 Qg7 43. Qh4 h6 44. gxf6 Qh7 45. Qg4 g5 46. Rf5 Bf4 47.
Qh5 Be3 48. Re5 g4 49. Bxg4 Rc2 50. Re8 Qg8 51. f7 Qg7 52. Rxf8+ Qxf8 53. Qe5+
1-0

[Event "Frankfurt Ch 2014"]
[Site "Ffm-Höchst, BiKuZ"]
[Date "2014.04.28"]
[Round "1.10"]
[White "Lemonidis, Christos"]
[Black "Chandler, Patrick"]
[Result "0-1"]
[WhiteElo "1741"]
[BlackElo "2135"]
[PlyCount "74"]
[EventDate "2014.??.??"]
[WhiteTeam "SC 1961 König Nied"]
[BlackTeam "Sfr. Schöneck"]

1. e4 c5 2. d3 Nc6 3. Nf3 e6 4. g3 d5 5. Nbd2 Nf6 6. Bg2 Be7 7. O-O O-O 8. e5
Nd7 9. Re1 Qc7 10. Qe2 b6 11. h4 a5 12. c3 Ba6 13. Nf1 Rfe8 14. Bf4 a4 15. N1h2
b5 16. Ng4 b4 17. Ng5 Nf8 18. Nf6+ gxf6 19. exf6 e5 20. fxe7 Rxe7 21. Bd2 e4
22. Nxe4 dxe4 23. Bxe4 Rae8 24. Qg4+ Ng6 25. h5 Nce5 26. Qg5 Bxd3 27. hxg6 hxg6
28. Bg2 a3 29. bxa3 bxa3 30. Kh2 Qd7 31. f3 Nc4 32. Rh1 Re5 33. Qf4 Rf5 34. Bh3
Re2+ 35. Kg1 Rxf4 36. Bxd7 Nxd2 37. gxf4 Nxf3+ 0-1

[Event "Frankfurt Ch 2014"]
[Site "Ffm-Höchst, BiKuZ"]
[Date "2014.04.28"]
[Round "1.11"]
[White "Mager, Denis"]
[Black "Plattner, Rolf"]
[Result "1-0"]
[WhiteElo "2133"]
[BlackElo "1740"]
[PlyCount "107"]
[EventDate "2014.??.??"]
[WhiteTeam "SAbt TuS Makkabi Ffm"]
[BlackTeam "SK Langen"]

1. c4 f5 2. Nc3 Nf6 3. d4 g6 4. g3 Bg7 5. Bg2 O-O 6. Nf3 c6 7. O-O a5 8. Re1 d6
9. e4 fxe4 10. Nxe4 Nxe4 11. Rxe4 e5 12. Bg5 Qc7 13. Qd2 Bf5 14. Ree1 e4 15.
Nh4 d5 16. Nxf5 Rxf5 17. Bh3 Qf7 18. Bxf5 gxf5 19. cxd5 cxd5 20. a3 Nc6 21. Be3
Rf8 22. Rac1 Qg6 23. Kh1 Qh5 24. Qd1 Qg6 25. Qb3 Qf7 26. Red1 Rd8 27. Qb6 Rd7
28. b4 axb4 29. axb4 h5 30. b5 Nb4 31. Rc8+ Kh7 32. Rdc1 h4 33. R8c7 Rxc7 34.
Qxc7 Qh5 35. h3 Qf3+ 36. Kg1 Nd3 37. Rf1 hxg3 38. Qxg3 Qh5 39. Kh2 f4 40. Bxf4
Nxf4 41. Qxf4 Bxd4 42. Qc7+ Bg7 43. Rg1 Qe5+ 44. Qxe5 Bxe5+ 45. Kh1 Bd4 46. Rg2
Kh6 47. Kg1 b6 48. Kf1 Kh5 49. Rg4 Bc5 50. Ke2 Kh6 51. f3 exf3+ 52. Kxf3 d4 53.
Ke4 Kh7 54. Kd3 1-0

[Event "Frankfurt Ch 2014"]
[Site "Ffm-Höchst, BiKuZ"]
[Date "2014.04.28"]
[Round "1.12"]
[White "Koch, Thomas"]
[Black "Reschke, Thomas"]
[Result "0-1"]
[WhiteElo "1734"]
[BlackElo "2090"]
[PlyCount "26"]
[EventDate "2014.??.??"]
[WhiteTeam "SV 1934 Ffm-Griesheim"]
[BlackTeam "SC Frankfurt-West"]

1. e4 g6 2. Nf3 Bg7 3. d4 c6 4. Be2 d5 5. e5 f6 6. O-O Nh6 7. c4 O-O 8. cxd5
cxd5 9. Nc3 Nf7 10. Bf4 Nc6 11. Qb3 fxe5 12. Nxe5 Nxd4 13. Nxf7 Rxf7 0-1

[Event "Frankfurt Ch 2014"]
[Site "Ffm-Höchst, BiKuZ"]
[Date "2014.04.28"]
[Round "1.13"]
[White "Kaulfuss, Helmut"]
[Black "Diehl, Stefan"]
[Result "1-0"]
[WhiteElo "2086"]
[BlackElo "1702"]
[PlyCount "95"]
[EventDate "2014.??.??"]
[WhiteTeam "SV 1920 Hofheim"]
[BlackTeam "SC 1910 Höchst"]

1. e4 d5 2. Nc3 dxe4 3. Nxe4 c6 4. Bc4 Bf5 5. Ng3 Bg6 6. Nf3 Nf6 7. O-O Nbd7 8.
Qe2 Nd5 9. d4 N7f6 10. Bb3 e6 11. Ne5 Bd6 12. c4 Ne7 13. Bg5 Nd7 14. Nxg6 hxg6
15. h3 Nf6 16. Rad1 O-O 17. Qf3 Nh7 18. Bc1 Nf6 19. Rfe1 Qc7 20. Nf1 Bb4 21.
Re2 Rad8 22. a3 Ba5 23. Ba2 Qc8 24. g4 Rd7 25. b4 Bc7 26. Bb2 Rfd8 27. Rde1 Nh7
28. Qc3 Nf6 29. Qf3 Nh7 30. Ng3 b5 31. d5 cxd5 32. cxb5 Ng5 33. Qg2 Qb7 34. h4
Nh7 35. a4 Bd6 36. Qf3 Nc8 37. Qb3 Nb6 38. Bd4 Nf6 39. g5 Ne8 40. Bb1 Bxg3 41.
fxg3 Nd6 42. Ba1 Nbc4 43. Qc3 Ne8 44. h5 gxh5 45. Rh2 Qc7 46. Rxh5 d4 47. Qd3
Ne3 48. Rh8+ 1-0

[Event "Frankfurt Ch 2014"]
[Site "Ffm-Höchst, BiKuZ"]
[Date "2014.04.28"]
[Round "1.14"]
[White "Weiland, Thomas"]
[Black "Koch, Markus"]
[Result "0-1"]
[WhiteElo "1695"]
[BlackElo "2070"]
[PlyCount "36"]
[EventDate "2014.??.??"]
[WhiteTeam "SV Oberursel"]
[BlackTeam "SC Brett vorm Kopp Ffm"]

1. e4 c5 2. Nf3 d6 3. Bc4 Nf6 4. Nc3 Nc6 5. d3 g6 6. Bf4 Bg7 7. Qd2 O-O 8. Bh6
Bg4 9. Bxg7 Kxg7 10. Qe3 e6 11. Ne2 d5 12. e5 Nd7 13. Bb3 b5 14. c3 Bxf3 15.
gxf3 Ndxe5 16. h4 d4 17. cxd4 cxd4 18. Qe4 f5 0-1

[Event "Frankfurt Ch 2014"]
[Site "Ffm-Höchst, BiKuZ"]
[Date "2014.04.28"]
[Round "1.15"]
[White "Schwenkreis, Thomas"]
[Black "Mühlbach, Christian"]
[Result "1-0"]
[WhiteElo "2064"]
[BlackElo "1683"]
[PlyCount "91"]
[EventDate "2014.??.??"]
[WhiteTeam "SC Brett vorm Kopp Ffm"]
[BlackTeam "SK Langen"]

1. e4 c6 2. d3 g6 3. Be2 Bg7 4. c3 d6 5. Nf3 Nf6 6. Nbd2 Na6 7. Nf1 Bg4 8. h3
Bxf3 9. Bxf3 e5 10. Bg5 Qb6 11. Qc2 Rc8 12. Ne3 O-O 13. O-O h6 14. Bh4 Qc7 15.
b4 Nh7 16. Qb3 Rce8 17. Rfd1 Ng5 18. Bxg5 hxg5 19. a4 Kh7 20. g4 Qe7 21. Ra2
Qf6 22. Bg2 Qf4 23. Nc4 Re6 24. Re2 f5 25. Ne3 Ref6 26. exf5 gxf5 27. Nxf5 d5
28. Ng3 Rh6 29. c4 Nc7 30. Nh5 Qf7 31. Nxg7 Kxg7 32. Qb2 d4 33. Rxe5 Ne6 34.
Rde1 Rf6 35. R5e2 Kh6 36. Rd2 Kg7 37. b5 c5 38. Bd5 Qd7 39. Rde2 Re8 40. Qd2
Nf4 41. Rxe8 Nxh3+ 42. Kf1 Qxg4 43. R1e7+ Kh6 44. Rh8+ Kg6 45. Rxh3 Qxh3+ 46.
Bg2 1-0

[Event "Frankfurt Ch 2014"]
[Site "Ffm-Höchst, BiKuZ"]
[Date "2014.04.28"]
[Round "1.16"]
[White "Rauscher, Joachim"]
[Black "Calvi, Stefan"]
[Result "1/2-1/2"]
[WhiteElo "1697"]
[BlackElo "2054"]
[PlyCount "55"]
[EventDate "2014.??.??"]
[WhiteTeam "SC Brett vorm Kopp Ffm"]
[BlackTeam "SF Frankfurt 1921"]

1. e4 c5 2. Nf3 Nc6 3. d4 cxd4 4. Nxd4 Nf6 5. Nc3 e5 6. Ndb5 d6 7. Bg5 a6 8.
Na3 b5 9. Nd5 Be7 10. Bxf6 Bxf6 11. c3 O-O 12. Nc2 Rb8 13. Bd3 Bg5 14. Nce3 Be6
15. Qe2 g6 16. O-O Bxe3 17. Nxe3 Qg5 18. a4 Ne7 19. axb5 axb5 20. Bxb5 d5 21.
exd5 Nxd5 22. Nxd5 Bxd5 23. f3 Bb3 24. Bd3 Be6 25. Rfe1 Rfd8 26. Rad1 Rb6 27.
Be4 Bb3 28. Rxd8+ 1/2-1/2

[Event "Frankfurt Ch 2014"]
[Site "Ffm-Höchst, BiKuZ"]
[Date "2014.04.28"]
[Round "1.17"]
[White "Rüger, Erhard"]
[Black "Leibold, Mathias"]
[Result "1-0"]
[WhiteElo "2019"]
[BlackElo "1682"]
[PlyCount "45"]
[EventDate "2014.??.??"]
[WhiteTeam "SC Brett vorm Kopp Ffm"]
[BlackTeam "SV 1926 Fechenheim"]

1. Nf3 Nf6 2. g3 Nc6 3. Bg2 d5 4. c4 e6 5. O-O dxc4 6. Qa4 Bc5 7. Ne5 Bd7 8.
Nxc6 bxc6 9. Qxc4 Bb6 10. a4 a5 11. d3 Nd5 12. Bd2 O-O 13. Nc3 Nb4 14. Ne4 Qe7
15. Rfc1 Nd5 16. Nc5 Bc8 17. e4 Nf6 18. b4 Ng4 19. d4 Qf6 20. Qe2 Qg6 21. e5
Bxc5 22. Rxc5 Ba6 23. b5 1-0

[Event "Frankfurt Ch 2014"]
[Site "Ffm-Höchst, BiKuZ"]
[Date "2014.04.28"]
[Round "1.18"]
[White "Bastian, Holger"]
[Black "Nimsch, Helmut"]
[Result "1/2-1/2"]
[WhiteElo "1680"]
[BlackElo "2016"]
[PlyCount "56"]
[EventDate "2014.??.??"]
[WhiteTeam "Aschaffenburg- Schweinheim e.V."]
[BlackTeam "SC Brett vorm Kopp Ffm"]

1. e4 c5 2. Nf3 e6 3. d3 d5 4. Nbd2 Nc6 5. g3 Nf6 6. Bg2 Be7 7. O-O O-O 8. Re1
b6 9. c3 Bb7 10. e5 Nd7 11. Nf1 Qc7 12. Bf4 b5 13. h4 Rfc8 14. h5 Nf8 15. h6 g6
16. N1h2 d4 17. cxd4 Nxd4 18. Nxd4 cxd4 19. Rc1 Qb6 20. Nf3 Rxc1 21. Qxc1 Rc8
22. Qd2 Bd5 23. Bg5 Qd8 24. Bxe7 Qxe7 25. Nxd4 Qc5 26. Bxd5 Qxd4 27. Bb3 Nd7
28. Re4 Qb6 1/2-1/2

[Event "Frankfurt Ch 2014"]
[Site "Ffm-Höchst, BiKuZ"]
[Date "2014.04.28"]
[Round "1.19"]
[White "Meyer, Stefan"]
[Black "Liebske, Reiner"]
[Result "1-0"]
[WhiteElo "2013"]
[BlackElo "1680"]
[PlyCount "68"]
[EventDate "2014.??.??"]
[WhiteTeam "SAbt TuS Dotzheim"]
[BlackTeam "SV Frankfurt Nord 1926"]

1. g3 d5 2. Bg2 e5 3. c4 c6 4. cxd5 cxd5 5. d4 exd4 6. Qxd4 Be6 7. Nf3 Nc6 8.
Qa4 Bb4+ 9. Bd2 Bxd2+ 10. Nbxd2 Nge7 11. Nd4 Bd7 12. O-O Qb6 13. N2b3 Ne5 14.
Qa5 Qxa5 15. Nxa5 b6 16. f4 Ng4 17. Nc4 O-O 18. h3 Nf6 19. Ne5 Rfd8 20. Rac1
Rac8 21. Rfd1 Ne4 22. g4 f6 23. Nxd7 Rxd7 24. Rxc8+ Nxc8 25. Nb5 f5 26. Bxe4
fxe4 27. Nc3 Ne7 28. Nxe4 Rc7 29. Nc3 Rc5 30. Kf2 Kf7 31. Kf3 Ke6 32. e4 dxe4+
33. Nxe4 Rc2 34. Ng5+ Kf6 1-0

[Event "Frankfurt Ch 2014"]
[Site "Ffm-Höchst, BiKuZ"]
[Date "2014.04.28"]
[Round "1.20"]
[White "Fischer, Lutz"]
[Black "Biegel, Thomas"]
[Result "1/2-1/2"]
[WhiteElo "1671"]
[BlackElo "1975"]
[PlyCount "44"]
[EventDate "2014.??.??"]
[WhiteTeam "SF Frankfurt 1921"]
[BlackTeam "SC Steinbach"]

1. e4 c6 2. d4 d5 3. e5 c5 4. dxc5 e6 5. Be3 Nh6 6. c3 Nf5 7. Bd4 Nxd4 8. cxd4
b6 9. cxb6 Qxb6 10. Qd2 Nc6 11. Nf3 Rb8 12. Nc3 Qxb2 13. Qxb2 Rxb2 14. Bb5 Bd7
15. O-O Ba3 16. Rfc1 Rb4 17. Bxc6 Bxc6 18. Nxd5 Bxc1 19. Nxb4 Bb2 20. Rb1 Bxf3
21. Rxb2 Be4 22. f3 Ba8 1/2-1/2

[Event "Frankfurt Ch 2014"]
[Site "Ffm-Höchst, BiKuZ"]
[Date "2014.04.28"]
[Round "1.21"]
[White "Richter, Tobias"]
[Black "Tiraspolski, Arkadij"]
[Result "1-0"]
[WhiteElo "1975"]
[BlackElo "1664"]
[PlyCount "41"]
[EventDate "2014.??.??"]
[WhiteTeam "SV Merseburg"]
[BlackTeam "vereinslos"]

1. e4 c5 2. Nf3 d6 3. Bc4 Bg4 4. Bxf7+ Kd7 5. Ne5+ dxe5 6. Qxg4+ Kc7 7. Nc3 Nd7
8. Be6 Ngf6 9. Qh3 Rc8 10. d3 Kb8 11. f4 exf4 12. Bxf4+ Ka8 13. e5 Rc6 14. exf6
Nxf6 15. O-O-O Qb6 16. Nd5 Nxd5 17. Bxd5 e6 18. Bxc6 Qxc6 19. Rhe1 Bd6 20. Bxd6
Qxd6 21. Qxe6 1-0

[Event "Frankfurt Ch 2014"]
[Site "Ffm-Höchst, BiKuZ"]
[Date "2014.04.28"]
[Round "1.22"]
[White "Imelmann, Esther"]
[Black "Roggensack, Hans Peter"]
[Result "0-1"]
[WhiteElo "1662"]
[BlackElo "1955"]
[PlyCount "74"]
[EventDate "2014.??.??"]
[WhiteTeam "Vorw.Orient Mainz"]
[BlackTeam "SF Frankfurt 1921"]

1. d4 d5 2. c4 c6 3. Nc3 dxc4 4. e3 b5 5. Nxb5 cxb5 6. Qf3 Nc6 7. Qxc6+ Bd7 8.
Qf3 e5 9. Bd2 exd4 10. Qe4+ Be7 11. exd4 Nf6 12. Qe5 O-O 13. Nf3 Re8 14. O-O-O
Bc6 15. h4 Ne4 16. Qh5 c3 17. Bxc3 Nxc3 18. Bd3 g6 19. Qg4 Nd5 20. Ne5 Rc8 21.
Kb1 Nf6 22. Qg3 Be4 23. h5 Bf8 24. hxg6 Bxd3+ 25. Rxd3 fxg6 26. Nxg6 hxg6 27.
Qxg6+ Bg7 28. Rdh3 Re1+ 29. Rxe1 Qxd4 30. Rd3 Qxf2 31. Rde3 Qh4 32. Re7 Qh7 33.
Qxh7+ Kxh7 34. Rxa7 Nd5 35. Rb7 b4 36. Rc1 Re8 37. Rd7 Re2 0-1

[Event "Frankfurt Ch 2014"]
[Site "Ffm-Höchst, BiKuZ"]
[Date "2014.04.28"]
[Round "1.23"]
[White "Gräbner, Walter"]
[Black "Miller, Justin"]
[Result "1/2-1/2"]
[WhiteElo "1952"]
[BlackElo "1634"]
[PlyCount "116"]
[EventDate "2014.??.??"]
[WhiteTeam "SC 1961 König Nied"]
[BlackTeam "Sfr.1932 Kelkheim"]

1. d4 Nf6 2. c4 e6 3. Nf3 d5 4. Nc3 c6 5. Qc2 Nbd7 6. e3 Bd6 7. Be2 dxc4 8.
Bxc4 b5 9. Bd3 Bb7 10. O-O a6 11. Bd2 h6 12. Rac1 O-O 13. Rfd1 Rc8 14. Ne4 Nxe4
15. Bxe4 Nf6 16. Ne5 Bxe5 17. dxe5 Nxe4 18. Qxe4 Qd5 19. Qxd5 cxd5 20. Bb4 Rxc1
21. Rxc1 Rc8 22. Rxc8+ Bxc8 23. Kf1 Bb7 24. f3 f5 25. Ke2 Kf7 26. Kd3 Ke8 27.
Kd4 g5 28. Kc5 h5 29. Kd6 Bc8 30. Kc7 Bd7 31. Kb7 g4 32. Kxa6 Kd8 33. Kb6 Kc8
34. Kc5 Kb7 35. Kd6 Bc8 36. Bc5 Kb8 37. Ke7 Kc7 38. Kf6 Bd7 39. fxg4 fxg4 40.
b3 Kc6 41. Bd4 Kc7 42. Kg5 Be8 43. a4 bxa4 44. bxa4 Bxa4 45. Kxh5 Bd1 46. Kg5
Kd7 47. Bc5 Be2 48. h4 gxh3 49. gxh3 Ke8 50. Kf6 Kd7 51. h4 Bd1 52. Bf8 Be2 53.
Bg7 Bd1 54. Kg6 Ke7 55. Bf6+ Kf8 56. Bg5 Bc2+ 57. Kf6 Bf5 58. h5 Kg8 1/2-1/2

[Event "Frankfurt Ch 2014"]
[Site "Ffm-Höchst, BiKuZ"]
[Date "2014.04.28"]
[Round "1.24"]
[White "Wagner, Günter"]
[Black "Janke, Christian"]
[Result "0-1"]
[WhiteElo "1634"]
[BlackElo "1949"]
[PlyCount "56"]
[EventDate "2014.??.??"]
[WhiteTeam "SV 1946 Groß-Gerau"]
[BlackTeam "SV Spr.Siershahn"]

1. Nf3 f5 2. g3 Nf6 3. d3 g6 4. Bg2 Bg7 5. O-O d6 6. c4 e5 7. Nc3 c6 8. Re1 O-O
9. Rb1 h6 10. Bd2 Be6 11. b3 Nbd7 12. e4 g5 13. Rc1 f4 14. h3 fxg3 15. fxg3 g4
16. hxg4 Bxg4 17. Rf1 Nh5 18. Be1 Bf6 19. Rc2 Bg5 20. Ne2 Be3+ 21. Bf2 Bxf2+
22. Rxf2 Nc5 23. b4 Ne6 24. c5 dxc5 25. bxc5 Qf6 26. Qf1 Ng5 27. Nxg5 Qxg5 28.
Bh3 Rxf2 0-1

[Event "Frankfurt Ch 2014"]
[Site "Ffm-Höchst, BiKuZ"]
[Date "2014.04.28"]
[Round "1.25"]
[White "Kuhn, Gerhard"]
[Black "Balzereit, Georg"]
[Result "1-0"]
[WhiteElo "1947"]
[BlackElo "1632"]
[PlyCount "37"]
[EventDate "2014.??.??"]
[WhiteTeam "SK Marburg 1931/72"]
[BlackTeam "vereinslos"]

1. e4 c5 2. c3 e5 3. d4 cxd4 4. cxd4 exd4 5. Nf3 Nc6 6. Nxd4 Nf6 7. Nxc6 bxc6
8. Bd3 Bb4+ 9. Nc3 d5 10. O-O O-O 11. exd5 cxd5 12. Bg5 Bb7 13. Qf3 Be7 14.
Rad1 h6 15. Be3 Qc7 16. Bd4 Rad8 17. Bxf6 d4 18. Ne4 Bxe4 19. Qxe4 1-0

[Event "Frankfurt Ch 2014"]
[Site "Ffm-Höchst, BiKuZ"]
[Date "2014.04.28"]
[Round "1.26"]
[White "Jung, Bernd"]
[Black "Grobe, Detlef"]
[Result "0-1"]
[WhiteElo "1618"]
[BlackElo "1932"]
[PlyCount "76"]
[EventDate "2014.??.??"]
[WhiteTeam "Sfr.Erbach"]
[BlackTeam "SK 1962 Ladenburg"]

1. e4 c5 2. Nf3 e6 3. b4 cxb4 4. d4 b6 5. a3 Bb7 6. Bd3 Nf6 7. Qe2 bxa3 8. O-O
Be7 9. c3 d5 10. e5 Nfd7 11. Nxa3 a6 12. Re1 b5 13. Nc2 Nc6 14. Ba3 Nb6 15.
Bxe7 Nxe7 16. Reb1 Nec8 17. Ra2 Nc4 18. Nd2 N8b6 19. Nb3 Na4 20. Qe1 Qc7 21.
Rxa4 bxa4 22. Nc5 Bc6 23. Qe2 Bb5 24. Ne3 O-O 25. Ng4 Rfb8 26. Bxh7+ Kf8 27.
Qf3 Qe7 28. Ra1 Ke8 29. h3 a3 30. Bd3 Nb2 31. Bc2 Rc8 32. Rxa3 Rxc5 33. dxc5
Qxc5 34. Rb3 Nc4 35. Qf4 Na5 36. Qb4 Nxb3 37. Bxb3 Qxb4 38. cxb4 Rc8 0-1

[Event "Frankfurt Ch 2014"]
[Site "Ffm-Höchst, BiKuZ"]
[Date "2014.04.28"]
[Round "1.27"]
[White "Hierling, Stefan"]
[Black "Jeß, Geralf"]
[Result "1-0"]
[WhiteElo "1926"]
[BlackElo "1611"]
[PlyCount "125"]
[EventDate "2014.??.??"]
[WhiteTeam "VSG 1880 Offenbach"]
[BlackTeam "SC Matt im Park Ffm"]

1. e4 e5 2. Nf3 Nc6 3. Nc3 d6 4. h3 Nf6 5. Bb5 Be7 6. O-O O-O 7. d4 exd4 8.
Nxd4 Ne5 9. Be3 Bd7 10. Be2 c5 11. Nf3 Bc6 12. Nxe5 dxe5 13. f3 Nh5 14. Qxd8
Raxd8 15. Rfd1 b6 16. Bc4 h6 17. a4 Nf6 18. Rxd8 Rxd8 19. a5 Kf8 20. b3 Rb8 21.
axb6 axb6 22. Bb5 Ra8 23. Rxa8+ Bxa8 24. Na4 Bd8 25. Bd2 Ke7 26. b4 Kd6 27. Nb2
Bc7 28. Bc3 Ke6 29. Nc4 cxb4 30. Bxb4 g6 31. Bd2 h5 32. Be3 Nd7 33. Bxd7+ Kxd7
34. Bxb6 f6 35. Kf2 Kc6 36. Bxc7 Kxc7 37. h4 Bc6 38. Ke3 Bb5 39. Nd2 Kd6 40. g3
Bd7 41. f4 exf4+ 42. gxf4 Ba4 43. c3 Bc6 44. Kd4 Bb5 45. c4 Bc6 46. Nf1 Bd7 47.
Ng3 Bg4 48. c5+ Kc6 49. e5 fxe5+ 50. Kxe5 Bd1 51. Kd4 Bc2 52. Nf1 Bf5 53. Nd2
Be6 54. Nf3 Bf5 55. Ne5+ Kc7 56. Kd5 Kd8 57. Kd6 Ke8 58. c6 Kf8 59. c7 Ke8 60.
Nxg6 Kf7 61. Ne7 Kf6 62. Nxf5 Kxf5 63. c8=Q+ 1-0